<?xml version="1.0" encoding="UTF-8"?>
<record
    xmlns:xsi="http://www.w3.org/2001/XMLSchema-instance"
    xsi:schemaLocation="http://www.loc.gov/MARC21/slim http://www.loc.gov/standards/marcxml/schema/MARC21slim.xsd"
    xmlns="http://www.loc.gov/MARC21/slim">

  <leader>01573 am a2200229 a 4500</leader>
  <controlfield tag="005">20240815115419.0</controlfield>
  <controlfield tag="008">100330s1997||||sp  g0f   s  sp spa d</controlfield>
  <datafield tag="020" ind1=" " ind2=" ">
    <subfield code="a">8440676263</subfield>
  </datafield>
  <datafield tag="041" ind1=" " ind2=" ">
    <subfield code="a">spa</subfield>
  </datafield>
  <datafield tag="092" ind1=" " ind2=" ">
    <subfield code="c">860.3</subfield>
    <subfield code="l">91</subfield>
    <subfield code="s">VAZ</subfield>
  </datafield>
  <datafield tag="100" ind1="1" ind2=" ">
    <subfield code="a">V&#xE1;zquez-Rial, Horacio.</subfield>
    <subfield code="9">368</subfield>
  </datafield>
  <datafield tag="245" ind1=" " ind2="3">
    <subfield code="a">El soldado de porcelana /  </subfield>
    <subfield code="c">Horacio V&#xE1;zquez-Rial.</subfield>
  </datafield>
  <datafield tag="250" ind1=" " ind2=" ">
    <subfield code="a">1a ed. 2a reimp.</subfield>
  </datafield>
  <datafield tag="260" ind1=" " ind2=" ">
    <subfield code="a">Barcelona: </subfield>
    <subfield code="b">Grupo Zeta;</subfield>
    <subfield code="c">1997.</subfield>
  </datafield>
  <datafield tag="300" ind1=" " ind2=" ">
    <subfield code="a">861 p.</subfield>
  </datafield>
  <datafield tag="500" ind1=" " ind2=" ">
    <subfield code="a">V&#xE1;zquez-Rial, H. (1997). El soldado de porcelana. (1a ed.). Barcelona : Grupo Z.</subfield>
  </datafield>
  <datafield tag="505" ind1=" " ind2=" ">
    <subfield code="a">Se llamaba Gustavo Dur&#xE1;n. Una trampa le arrebat&#xF3; a su madre. Fue compositor de piano mientras pudo creer en su propio talento. Lorca, Hemingway y Gil de Biedma lo amaron. Alcanz&#xF3; el grado de General del Ejercito Republicano en la Guerra Civil espa&#xF1;ola. Nunca se pudo probar que fuera esp&#xED;a sovi&#xE9;tico, mientras que s&#xED; parece obvia su relaci&#xF3;n con los Roosevelt y con Rockefeller, para quienes se convirti&#xF3; en algo m&#xE1;s que informador, primero en La Habana y luego en Buenos Aires. Franco y McCarthy lo persiguieron. Represent&#xF3; a la ONU en el proceso de independencia del Congo Belga. Muri&#xF3; en Atenas, lejos de la Espa&#xF1;a que hab&#xED;a decidido ignorar su memoria. Una vida marcada por el drama, tan intensa, no soporta los l&#xED;mites de la biograf&#xED;a; e tal la magnitud de las historias que la pueblan, que s&#xF3;lo con el aporte de la imaginaci&#xF3;n, s&#xF3;lo en el territorio de la novela, resulta veros&#xED;mil.</subfield>
  </datafield>
  <datafield tag="590" ind1=" " ind2=" ">
    <subfield code="a">Donaci&#xF3;n Ver&#xF3;nica Schiariti, 2008</subfield>
  </datafield>
  <datafield tag="655" ind1=" " ind2=" ">
    <subfield code="a">Novela</subfield>
    <subfield code="9">3091</subfield>
  </datafield>
  <datafield tag="930" ind1=" " ind2=" ">
    <subfield code="a">1925</subfield>
  </datafield>
  <datafield tag="942" ind1=" " ind2=" ">
    <subfield code="2">ddc</subfield>
    <subfield code="c">BK</subfield>
  </datafield>
  <datafield tag="999" ind1=" " ind2=" ">
    <subfield code="c">195</subfield>
    <subfield code="d">195</subfield>
  </datafield>
  <datafield tag="952" ind1=" " ind2=" ">
    <subfield code="0">0</subfield>
    <subfield code="1">0</subfield>
    <subfield code="2">ddc</subfield>
    <subfield code="4">0</subfield>
    <subfield code="7">0</subfield>
    <subfield code="8">FIC</subfield>
    <subfield code="a">BFM</subfield>
    <subfield code="b">BFM</subfield>
    <subfield code="c">CR</subfield>
    <subfield code="d">2011-05-13</subfield>
    <subfield code="l">0</subfield>
    <subfield code="o">860.3 91 VAZ</subfield>
    <subfield code="p">1925</subfield>
    <subfield code="r">2014-11-06</subfield>
    <subfield code="t">ej.1</subfield>
    <subfield code="w">2011-05-13</subfield>
    <subfield code="y">LIT</subfield>
  </datafield>
</record>
